Statistics for US States Quiz But Something Is Not Right

Click here to take the quiz!

General Stats

  • This quiz has been taken 35 times
  • The average score is 38 of 50

Answers on the Map

Answers color-coded by a green-red scale on the quiz's map according to % correct below.
 

Answer Stats

State% Correct
Alabama
88%
Texas
88%
Alaska
84%
Florida
84%
Hawaii
84%
Michigan
84%
Nevada
84%
New Mexico
84%
Oregon
84%
Washington
84%
California
80%
Idaho
80%
Minnesota
80%
Nebraska
80%
New Hampshire
80%
New York
80%
North Dakota
80%
Ohio
80%
Utah
80%
Arizona
76%
Arkansas
76%
Delaware
76%
Georgia
76%
Illinois
76%
Indiana
76%
Iowa
76%
Kansas
76%
Maine
76%
Mississippi
76%
Missouri
76%
Montana
76%
New Jersey
76%
North Carolina
76%
Vermont
76%
Kentucky
72%
Oklahoma
72%
South Dakota
72%
Tennessee
72%
Virginia
72%
West Virginia
72%
Colorado
68%
Maryland
68%
Pennsylvania
68%
Rhode Island
68%
South Carolina
68%
Wisconsin
68%
Wyoming
68%
Massachusetts
64%
Louisiana
60%
Conneticut
36%

Score Distribution

Percentile by Number Answered

Percent of People with Each Score

Your Score History

You have not taken this quiz